Mercy / David Baldacci.
For her entire life, FBI agent Atlee Pine has been searching for her twin sister, Mercy, who was abducted at the age of six and never seen again. Mercy's disappearance left behind a damaged family that later shattered beyond repair when Atlee's parents inexplicably abandoned her. Now, after a perilous investigation that nearly proved fatal, Atlee has finally discovered not only the reason behind her parents' abandonment and Mercy's kidnapping, but also the most promising breakthrough yet: proof that Mercy survived her abduction and then escaped her captors many years ago.
Record details
- ISBN: 9781668602652
- ISBN: 1668602652
- ISBN: 9781549160592
- ISBN: 1549160591
- Physical Description: 10 audio discs (12 hr.) : CD audio, digital ; 4 3/4 in.
- Edition: Unabridged.
- Publisher: [New York] : Hachette Book Group, [2021]
Content descriptions
| General Note: | Compact discs. |
| Participant or Performer Note: | Read by Brittany Pressley & Kyf Brewer. |
Search for related items by subject
| Genre: | Audiobooks. Thrillers (Fiction) |
Search for related items by series
Available copies
- 1 of 1 copy available at scottsboropl.
Holds
- 0 current holds with 1 total copy.
Other Formats and Editions
Show Only Available Copies
| Location | Call Number / Copy Notes | Barcode | Shelving Location | Status | Due Date |
|---|---|---|---|---|---|
| scottsboropl | BK/CD Bal | 32269001177040 | Adult - Audiobook | Available | - |
| LDR | 03431cim a2200793Ii 4500 | ||
|---|---|---|---|
| 001 | 157246 | ||
| 003 | SBPL | ||
| 005 | 20211217140941.0 | ||
| 008 | 211019s2021 nyunnnne f n eng d | ||
| 007 | sd fsngnnmmned | ||
| 020 | . | ‡a9781668602652 ‡q(Hachette Audio) | |
| 020 | . | ‡a1668602652 ‡q(Hachette Audio) | |
| 020 | . | ‡a9781549160592 | |
| 020 | . | ‡a1549160591 | |
| 024 | 3 | . | ‡a9781549160592 |
| 028 | 0 | 2. | ‡a2-Y6059 ‡bHachette |
| 035 | . | ‡a(OCoLC)1277217367 ‡z(OCoLC)1277081112 | |
| 050 | 4. | ‡aPS3552.A446 ‡bM47 2021ab | |
| 082 | 0 | 4. | ‡a813/.54 ‡223 |
| 100 | 1 | . | ‡aBaldacci, David, ‡eauthor. |
| 245 | 1 | 0. | ‡aMercy / ‡cDavid Baldacci. |
| 250 | . | ‡aUnabridged. | |
| 264 | 1. | ‡a[New York] : ‡bHachette Book Group, ‡c[2021] | |
| 300 | . | ‡a10 audio discs (12 hr.) : ‡bCD audio, digital ; ‡c4 3/4 in. | |
| 306 | . | ‡a115800 | |
| 336 | . | ‡aspoken word ‡bspw ‡2rdacontent | |
| 337 | . | ‡aaudio ‡bs ‡2rdamedia | |
| 338 | . | ‡aaudio disc ‡bsd ‡2rdacarrier | |
| 340 | . | ‡b4 3/4 in. ‡2rda | |
| 344 | . | ‡adigital ‡2rdatr | |
| 344 | . | ‡boptical ‡2rdarm | |
| 344 | . | ‡gstereo ‡2rdapc | |
| 344 | . | ‡c1.4 m/s ‡2rda | |
| 347 | . | ‡aaudio file ‡2rdaft | |
| 347 | . | ‡bCD audio | |
| 490 | 1 | . | ‡aAn Atlee Pine Thriller ; ‡vBook 4 |
| 500 | . | ‡aCompact discs. | |
| 511 | 0 | . | ‡aRead by Brittany Pressley & Kyf Brewer. |
| 520 | . | ‡aFor her entire life, FBI agent Atlee Pine has been searching for her twin sister, Mercy, who was abducted at the age of six and never seen again. Mercy's disappearance left behind a damaged family that later shattered beyond repair when Atlee's parents inexplicably abandoned her. Now, after a perilous investigation that nearly proved fatal, Atlee has finally discovered not only the reason behind her parents' abandonment and Mercy's kidnapping, but also the most promising breakthrough yet: proof that Mercy survived her abduction and then escaped her captors many years ago. | |
| 610 | 1 | 0. | ‡aUnited States. ‡bFederal Bureau of Investigation ‡xOfficials and employees ‡vFiction. |
| 650 | 0. | ‡aMissing persons ‡xInvestigation ‡vFiction. | |
| 650 | 0. | ‡aTwin sisters ‡vFiction. | |
| 650 | 0. | ‡aFamily secrets ‡vFiction. | |
| 650 | 0. | ‡aInvestigations ‡vFiction. | |
| 655 | 7. | ‡aAudiobooks. ‡2lcgft | |
| 655 | 7. | ‡aThrillers (Fiction) ‡2lcgft | |
| 700 | 1 | . | ‡aPressley, Brittany, ‡enarrator. |
| 700 | 1 | . | ‡aBrewer, Kyf, ‡enarrator. |
| 800 | 1 | . | ‡aBaldacci, David. ‡tAtlee Pine thriller. ‡sSpoken word ; ‡vbk. 4. |
| 901 | . | ‡a157246 ‡b ‡c157246 ‡tbiblio | |